Maat, jotka ovat lähinnä Andorraa - Statistics

Yleistilastot
  • Tätä visaa on pelattu 58 kertaa
  • Keskiarvotulos 18 / 20
Vastaustilastot
km maa % Oikein
0 Ranska
100%
0 Espanja
98%
485 Italia
98%
718 Saksa
98%
515 Sveitsi
96%
637 Portugali
94%
821 Belgia
92%
873 San Marino
92%
880 Vatikaanivaltio
92%
956 Alankomaat
90%
793 Itävalta
90%
474 Monaco
90%
904 Yhdistynyt kuningaskunta
90%
832 Luxemburg
88%
784 Liechtenstein
86%
637 Algeria
82%
996 Slovenia
82%
867 Marokko
78%
856 Tunisia
71%
988 Kroatia
69%
Ehtoja vastaavia visoja ei löytynyt
Tulosjakauma
Jokaisen tuloksen saaneiden osuus
Persentiili vastausten määrän mukaan
Tuloshistoriasi
Et ole pelannut tätä visaa